| 000 | 007980000a22002170004500 | ||
|---|---|---|---|
| 090 |
_aAR _b02371 |
||
| 245 | 1 | 0 | _aAvian monitoring protocol a submissin to the CRC for avian study in situ |
| 650 | 1 | 4 |
_aMonitoreo de aves _995904 |
| 650 | 1 | 4 |
_aConservación _992401 |
| 650 | 1 | 4 |
_aTécnicas de muestreo _95826 |
| 041 | 0 | _aInglés | |
| 700 | 1 |
_aJiménez Cruz, Ruth _995905 |
|
| 700 | 1 |
_aCostales, Adelaida _995906 |
|
| 700 | 1 |
_aConstantino, Luis Miguel _995524 |
|
| 700 | 1 |
_aLin, Hwa Chang _995907 |
|
| 700 | 1 |
_aLuiz Kaminiski, Newton _995908 |
|
| 700 | 1 |
_aSmall, Andrew _995909 |
|
| 100 | 1 |
_aBaptiste, Luis Guillermo _975191 |
|
| 942 | _cARTICULO | ||
| 773 | 1 |
_tProtocol for a one year Pilot Monitoring Program for Birds of the Conservation and Research Center, front Royal Virginia _31224 _q1-12 _d1995 |
|
| 999 |
_c11442 _d11442 |
||